000 00455nam a22001697a 4500
005 20171128104158.0
010 _aENG-121598
020 _c199.00
035 _aEN-105130
037 _bDBAD/PUB
082 _a808.883
245 _aMemories the echoes of life /
_cedited by Ayushi Pradhan
260 _bTurquoise Publication
_c2017
300 _a90p,
_c20cm(pbk)
_bill
700 _aPradhan, Ayushi
942 _2ddc
_cEN
_h808.883
_mMEM
999 _c147720
_d147720